000 00444cam a2200181ua 4500
020 _c12.00
041 _aeng
_h
082 _a530.11
_bRUS/AB
100 _aRussell, Bertrand .
245 _aABC of relativity /
_cBertrand Russell.
_hTextual Documents
250 _a2 /
_b.
260 _aLondon :
_bGeorge Allen & Unwin Ltd ,
_c1959.
300 _a139 ; .
365 _a12.00
504 _a
942 _cBK
999 _c10105
_d10105